000 01891nam a2200445 a 4500
001 ebr10491973
003 CaPaEBR
006 m u
007 cr cn|||||||||
008 040329s2004 paua sb 001 0 eng d
010 _z 2004042027
020 _z0812238125 (cloth : alk. paper)
020 _z9780812219678
020 _z9780812203080 (e-book)
040 _aCaPaEBR
_cCaPaEBR
035 _a(OCoLC)759158222
043 _an-us---
_ae-uk---
050 1 4 _aE98.M6
_bS75 2004eb
082 0 4 _a266/.02341/008997
_222
100 1 _aStevens, Laura M.
245 1 4 _aThe poor Indians
_h[electronic resource] :
_bBritish missionaries, Native Americans, and colonial sensibility /
_cLaura M. Stevens.
260 _aPhiladelphia [Pa.] :
_bUniversity of Pennsylvania Press,
_cc2004.
300 _a264 p. :
_bill.
490 1 _aEarly American studies
504 _aIncludes bibliographical references (p. [203]-247) and index.
533 _aElectronic reproduction.
_bPalo Alto, Calif. :
_cebrary,
_d2013.
_nAvailable via World Wide Web.
_nAccess may be limited to ebrary affiliated libraries.
650 0 _aIndians of North America
_xMissions.
650 0 _aIndians of North America
_xPublic opinion.
650 0 _aIndians of North America
_xHistory
_yColonial period, ca. 1600-1775.
650 0 _aMissionaries
_zGreat Britain
_xAttitudes.
650 0 _aAnglicans
_xMissions
_zUnited States
_xHistory.
650 0 _aProtestants
_xMissions
_zUnited States
_xHistory.
650 0 _aPublic opinion
_zGreat Britain.
651 0 _aGreat Britain
_xColonies
_zAmerica.
651 0 _aUnited States
_xHistory
_yColonial period, ca. 1600-1775.
655 7 _aElectronic books.
_2local
710 2 _aebrary, Inc.
830 0 _aEarly American studies.
856 4 0 _uhttp://site.ebrary.com/lib/rucke/Doc?id=10491973
_zAn electronic book accessible through the World Wide Web; click to view
999 _c229023
_d229023